000 00578nam a2200229Ia 4500
003 OSt
005 20220928104120.0
006 a|||||r|||| 00| 0
007 ta
008 220927b |||||||| |||| 00| 0 eng d
024 _a56561
037 _cTextual
040 _aSDCL
_cSDCL
_beng
041 _2eng
_aeng
082 _aV45y7N19, L7
100 _aLaing Margaret
_9408864
245 0 _aShah
260 _aLondon
_bSidgwick and Jackson
_c1977
300 _a263p
_ccm.
942 _hV45y7N19, L7
_cTEXL
_2CC
999 _c724388
_d724388